000 00552nam a22001817a 4500
005 20251108165902.0
008 250721s2002 xx 000 0 ara d
082 1 4 _a004.65/بسي
100 1 _aبسيوني، عبد الحميد
245 1 0 _aالشبكات و الإنترنت في ويندوز إكس بي /
264 1 _aالقاهرة :
_bمكتبة ابن سينا،
_c2002.
300 _a207ص
650 1 7 _aالحواسيب
650 1 7 _aشكبات الحواسيب
650 1 7 _aالإنترنيت
942 _2ddc
_cBK
999 _c33897
_d33897